[Event "2020 Standard Chess Dropout Tournament, Round 1"]
[Site "SchemingMind.com"]
[Date "2019.11.21"]
[Round "1"]
[White "Aba"]
[Black "Michael Preier"]
[Result "1-0"]
[WhiteCountry "ISR"]
[BlackCountry "GER"]
[WhiteElo "1734"]
[WhiteRD "69"]
[BlackElo "1559"]
[BlackRD "124"]
[GameID "448313"]

1. e4 e5 2. Nf3 Nc6 3. Bc4 Nf6 4. d4 Bd6 5. Bg5 h6 6. Bh4 Nxd4 7. Nxd4 exd4 8. Qxd4 Be7 9. Nc3 c6 10. O-O-O b5
11. Be2 a5 12. e5 Nd5 13. Bg3 Qb6 14. Nxd5 Qxd4 15. Rxd4 cxd5 16. Bxb5 Bb7 17. f4 Bc6 18. Be2 Bc5 19. Rdd1 d4 20. Bf3 O-O
21. Bf2 a4 22. Bxd4 Bb4 23. Bxc6 dxc6 24. c3 Be7 25. h4 c5 26. Be3 a3 27. b3 Ra6 28. g4 Rg6 29. g5 hxg5 30. hxg5 Rc6
31. Rh3 g6 32. Rdh1 f5 33. Rh7 Bd8 34. e6 Rxe6 35. Bxc5
1-0

[Event "2020 Standard Chess Dropout Tournament, Round 1"]
[Site "SchemingMind.com"]
[Date "2019.11.21"]
[Round "1"]
[White "Abacist"]
[Black "pengle"]
[Result "0-1"]
[WhiteCountry "USA"]
[BlackCountry "USA"]
[WhiteElo "1394"]
[WhiteRD "188"]
[BlackElo "1590"]
[BlackRD "91"]
[GameID "448314"]

1. e4 c5 2. Nf3 Nc6 3. d4 cxd4 4. Nxd4 Nxd4 5. Qxd4 e6 6. Bc4 a6 7. O-O b5 8. Bb3 Bb7 9. Nc3 Rc8 10. Bf4 Nf6
11. Rad1 Bc5 12. Qd3 O-O 13. e5 Qc7 14. exf6 Qxf4 15. fxg7 Rfd8 16. Qg3 Qxg3 17. hxg3 Kxg7 18. Rfe1 d5 19. Kf1 Rb8 20. Ne2 a5
21. c3 Rh8 22. Bc2 Rbg8 23. a3 Kf8 24. b4 axb4 25. axb4 Be7 26. Ra1 Kg7 27. Ra7 Rb8 28. Bd3 Bf6 29. Bxb5 Rhc8 30. Rc1 e5
31. Bd7 Rd8 32. Bf5 Rh8 33. g4 h5 34. gxh5 Rxh5 35. g4 Rhh8 36. f3 d4 37. Kg2 dxc3 38. Nxc3 Rhd8 39. Rd1 Rxd1 40. Nxd1 Bc6
41. Ne3 Rxb4 42. Be6 Rb7 43. Rxb7 Bxb7 44. Bf5 Be7 45. Kg3 f6 46. Kh4= Bxf3 47. Kh5 e4 48. Kh4 Bc5 49. Nc2 e3 50. Kg3 Bd1
51. Ne1 e2 52. Bd3 Bb4 53. Kf2 Kh6 54. Bxe2 Bxe2 55. Kxe2 Bxe1 56. Kxe1 Kg5
0-1

[Event "2020 Standard Chess Dropout Tournament, Round 1"]
[Site "SchemingMind.com"]
[Date "2019.11.21"]
[Round "1"]
[White "Abstract Actuary"]
[Black "FransEvers"]
[Result "1-0"]
[WhiteCountry "USA"]
[BlackCountry "NED"]
[WhiteElo "1811"]
[WhiteRD "94"]
[BlackElo "1931"]
[BlackRD "103"]
[GameID "448315"]

1. e4 e5 2. Nf3 d6 3. Bc4 Nc6 4. c3 Bg4 5. d4 Qd7 6. Be3 Nf6 7. Nbd2 Be7 8. Qc2 O-O 9. O-O a6 10. h3 Bxf3
11. Nxf3 b5 12. Bb3 Na5 13. dxe5 Nxb3 14. axb3 dxe5 15. Nxe5 Qe8 16. f3 Bd6 17. Nd3 Nd7 18. Rfd1 f5 19. Nf2 Nf6 20. Re1 fxe4
21. Nxe4 Nxe4 22. Bf2 Qg6 23. Qxe4
1-0

[Event "2020 Standard Chess Dropout Tournament, Round 1"]
[Site "SchemingMind.com"]
[Date "2019.11.25"]
[Round "1"]
[White "Andreas Flato"]
[Black "Sebastian Strauchler"]
[Result "0-1"]
[WhiteCountry "GER"]
[BlackCountry "ARG"]
[WhiteElo "1870"]
[WhiteRD "106"]
[BlackElo "2271"]
[BlackRD "123"]
[GameID "448317"]

1. e4 c5 2. f4 d5 3. e5 Nc6 4. Nf3 Bg4 5. Be2 e6 6. O-O Nge7 7. h3 Bxf3 8. Bxf3 Nf5 9. c3 c4 10. d4 cxd3
11. Qxd3 Bc5+ 12. Kh2 Qc7 13. g4 Nh4 14. Bh1 h5 15. Qg3 hxg4 16. Qxg4 O-O-O 17. a4 Nf5 18. b4 Rh4 19. Qe2 Qe7 20. bxc5 Rxh3+
21. Kxh3 Qh4+ 22. Kg2 Qg3#
0-1

[Event "2020 Standard Chess Dropout Tournament, Round 1"]
[Site "SchemingMind.com"]
[Date "2019.11.21"]
[Round "1"]
[White "Andew Smith"]
[Black "Ingemar Assarsjö"]
[Result "0-1"]
[WhiteCountry "WLS"]
[BlackCountry "SWE"]
[WhiteElo "1635"]
[WhiteRD "106"]
[BlackElo "1790"]
[BlackRD "119"]
[GameID "448318"]

1. e4 e6 2. d4 d5 3. exd5 exd5 4. Bd3 Nc6 5. Nf3 Bd6 6. O-O Bg4 7. c3 Nge7 8. h3 Bh5 9. Re1 O-O 10. Nbd2 Re8
11. b4 a6 12. Nf1 Qd7 13. Ng3 Bg6 14. Be3 Nf5 15. Nxf5 Bxf5 16. Qc2 Bxd3 17. Qxd3 h6 18. a4 Re7 19. Ra2 Rae8 20. Rae2 f5
21. Bd2 Rxe2 22. Rxe2 Rxe2 23. Qxe2 Kf7 24. Ne1 Qe7 25. Qh5+ Kf6 26. Nc2 Qe4 27. Ne3 Qb1+ 28. Nf1 Qd3 29. Qd1 Qe4 30. Ne3 Ne7
31. Qh5 Ng6 32. f3 Qb1+ 33. Kf2 c6 34. g4 f4 35. g5+ hxg5 36. Ng4+ Kf5 37. h4 Be7 38. hxg5 Bxg5 39. Ne5 Nxe5 40. dxe5 Qc2
41. Qf7+ Kxe5
0-1

[Event "2020 Standard Chess Dropout Tournament, Round 1"]
[Site "SchemingMind.com"]
[Date "2019.11.21"]
[Round "1"]
[White "Randy Bahr"]
[Black "John Lewis"]
[Result "1-0"]
[WhiteCountry "USA"]
[BlackCountry "ENG"]
[WhiteElo "1590"]
[WhiteRD "106"]
[BlackElo "1370"]
[BlackRD "64"]
[GameID "448319"]

1. Nf3 Nc6 2. d4 d5 3. c4 dxc4 4. d5 Nb8 5. e4 b5 6. a4 c6 7. axb5 cxb5 8. Nc3 a6 9. Nxb5 Bb7 10. Nc3 e6
11. Bxc4 Nf6 12. O-O exd5 13. Nxd5 Nxe4 14. Re1 Bxd5 15. Bxd5 Nd7 16. Rxe4+ Be7 17. Bxa8 Qxa8 18. Qa4 Qa7 19. Qxa6 Qxa6 20. Rxa6 O-O
21. Rxe7 Nc5 22. Raa7 Nd3 23. Be3 Nxb2 24. Ne5 f6 25. Rxg7+ Kh8 26. Rxh7+ Kg8 27. Rag7#
1-0

[Event "2020 Standard Chess Dropout Tournament, Round 1"]
[Site "SchemingMind.com"]
[Date "2019.11.21"]
[Round "1"]
[White "Arnold Jones"]
[Black "Wolli"]
[Result "0-1"]
[WhiteCountry "ENG"]
[BlackCountry "GER"]
[WhiteElo "1583"]
[WhiteRD "68"]
[BlackElo "1573"]
[BlackRD "83"]
[GameID "448320"]

1. d4 d5 2. e3 Nf6 3. Bd3 e6 4. f4 Bd6 5. Nf3 O-O 6. Nc3 b6 7. e4 dxe4 8. Nxe4 Bb7 9. Nxf6+ Qxf6 10. O-O Nd7
11. Ng5 g6 12. Be3 h6 13. Ne4 Bxe4 14. Bxe4 Rac8 15. Qg4 h5 16. Qf3 Qe7 17. g3 c5 18. Rac1 cxd4 19. Bxd4 Bc5 20. Bxc5 Qxc5+
21. Kh1 Nf6 22. Rce1 Nxe4 23. Qxe4 Qxc2 24. Re2 Qxe4+ 25. Rxe4 Rc2 26. Rb4 Rd8 27. Kg1 Rdd2 28. Rf3 Rg2+ 29. Kf1 Rxh2 30. Kg1 Rxb2
31. Rxb2 Rxb2 32. a3 Kf8 33. Rc3 a5 34. a4 Ke7 35. Rc1 Kd6 36. Rd1+ Kc7 37. Rd4 Rb4
0-1

[Event "2020 Standard Chess Dropout Tournament, Round 1"]
[Site "SchemingMind.com"]
[Date "2019.11.21"]
[Round "1"]
[White "Artmagic"]
[Black "Bacon"]
[Result "0-1"]
[WhiteCountry "ENG"]
[BlackCountry "BER"]
[WhiteElo "1027"]
[WhiteRD "127"]
[BlackElo "1090"]
[BlackRD "80"]
[GameID "448321"]

1. e4 e5 2. Be2 Nf6 3. d3 Nc6 4. Nf3 Nd4 5. O-O Bc5 6. Be3 O-O 7. Bxd4 exd4 8. e5 Nd5 9. Na3 g6 10. Nc4 Qe7
11. Qd2 Bb4 12. c3 Bc5 13. cxd4 Bb4 14. Qg5 Qxg5 15. Nxg5 Nf4 16. Bf3 Nxd3 17. Be4 Nf4 18. a3 Be7 19. g3 Bxg5 20. gxf4 Bxf4
21. Bd5 b5 22. Bxa8 bxc4 23. Bd5 Bd2 24. a4 c6 25. Rad1 Bb4 26. Bxc4 Kg7 27. d5 cxd5 28. Bxd5 h5 29. Kg2 a5 30. Rd4 Bc5
31. Rc4 Be7 32. Rc7 Rd8 33. f4 f6 34. exf6+ Bxf6 35. f5 g5 36. Rf3 g4 37. Rf4 Kh6 38. h3= Bxb2 39. f6 gxh3+ 40. Kxh3 Ba6
41. f7 Rf8 42. Rc8 Rxc8 43. f8=Q+ Rxf8 44. Rxf8 Kg5 45. Ra8 Bf1+ 46. Kg3 Bd4 47. Rxa5 h4+ 48. Kh2 h3 49. Kh1 Kg4 50. Kh2 Be5+
51. Kg1 Bg2
0-1

[Event "2020 Standard Chess Dropout Tournament, Round 1"]
[Site "SchemingMind.com"]
[Date "2019.11.21"]
[Round "1"]
[White "Austin Lockwood"]
[Black "NYNH"]
[Result "0-1"]
[WhiteCountry "ENG"]
[BlackCountry "USA"]
[WhiteElo "1714"]
[WhiteRD "125"]
[BlackElo "1976"]
[BlackRD "104"]
[GameID "448322"]

1. e4 c5 2. Nf3 d6 3. d4 cxd4 4. Nxd4 Nf6 5. Nc3 g6 6. Be3 Bg7 7. f3 Nc6 8. Bb5 Bd7 9. O-O O-O 10. Nxc6 bxc6
11. Bc4 Qc7 12. Qd2 Rfd8 13. Rfd1 Rab8 14. b3 d5 15. exd5 cxd5 16. Bxd5 Be6 17. Bf4 Qb6+ 18. Qf2 Qxf2+ 19. Kxf2 Nxd5 20. Nxd5 Bxd5
21. Bxb8 Bxa1 22. Bxa7 Rd7 23. Rxa1 Rxa7 24. c4 Be6 25. a4 Kf8 26. Rd1 Ke8 27. g4 Rb7 28. Rd3 f5 29. gxf5 Bxf5 30. Rc3 Kd7
31. Ke3 Kd6 32. c5+ Kd5 33. c6 Rc7 34. f4 Rxc6 35. Rxc6 Kxc6 36. Kd4 Kb6 37. b4 Bc2 38. a5+ Kb5 39. Kc3 Ba4 40. h4 h5
0-1

[Event "2020 Standard Chess Dropout Tournament, Round 1"]
[Site "SchemingMind.com"]
[Date "2019.11.22"]
[Round "1"]
[White "Bacon"]
[Black "PION4290"]
[Result "0-1"]
[WhiteCountry "BER"]
[BlackCountry "CAN"]
[WhiteElo "1082"]
[WhiteRD "81"]
[BlackElo "1604"]
[BlackRD "87"]
[GameID "448323"]

1. e4 c6 2. d4 d5 3. Nc3 dxe4 4. Nxe4 Bf5 5. Ng3 Bg6 6. Be3 e6 7. Bc4 Be7 8. Nf3 Nd7 9. Ne5 Nxe5 10. dxe5 Qa5+
11. c3 Qxe5 12. Qd4 Bd6 13. Ne4 Bxe4 14. O-O Qxh2#
0-1

[Event "2020 Standard Chess Dropout Tournament, Round 1"]
[Site "SchemingMind.com"]
[Date "2019.11.25"]
[Round "1"]
[White "Mike Winslow"]
[Black "Simon Green"]
[Result "1-0"]
[WhiteCountry "USA"]
[BlackCountry "ENG"]
[WhiteElo "1939"]
[WhiteRD "96"]
[BlackElo "1500"]
[BlackRD "65"]
[GameID "448324"]

1. d4 e6 2. e4 d5 3. e5 c5 4. c3 c4 5. f4 Be7 6. Nf3 Nd7 7. Be2 f5 8. b3 b5 9. bxc4 bxc4 10. Ba3 Bxa3
11. Nxa3 Ne7 12. Nb5 O-O 13. Nd6 Ba6 14. Ng5 Qa5 15. Qc2 Nb6 16. Nxe6 Na4 17. Kd2 Nc6 18. Rhb1 Rfb8 19. Nxf5 Rxb1 20. Rxb1 Bc8
21. Nfxg7 Bxe6 22. Nxe6 Re8 23. Rb7 Rxe6 24. Qxh7+
1-0

[Event "2020 Standard Chess Dropout Tournament, Round 1"]
[Site "SchemingMind.com"]
[Date "2019.11.21"]
[Round "1"]
[White "Ingemar Assarsjö"]
[Black "Holty"]
[Result "0-1"]
[WhiteCountry "SWE"]
[BlackCountry "ENG"]
[WhiteElo "1762"]
[WhiteRD "122"]
[BlackElo "1691"]
[BlackRD "65"]
[GameID "448325"]

1. e4 e5 2. f4 exf4 3. Nf3 d6 4. d4 g5 5. h4 g4 6. Ng1 Qf6 7. Nc3 c6 8. Qd3 Na6 9. a3 Nc7 10. Bd2 Bd7
11. O-O-O O-O-O 12. Re1 Ne6 13. e5 dxe5 14. dxe5 Qh6 15. g3 Be8 16. Qf5 Ne7 17. Qxg4 Rg8 18. Qf3 Rxd2 19. Kxd2 fxg3+ 20. Kd1 f5
21. h5 Rg4 22. Re2 Nd4 23. Qg2 Nxe2 24. Ngxe2 Qg5 25. Rh3 Bh6 26. Nb1 Nd5 27. Qg1 Ne3+ 28. Ke1 Bxh5 29. Rxg3 Nxc2+ 30. Kf2 Qe3+
31. Kg2 Ne1+ 32. Kh1 Rh4+ 33. Rh3 Rxh3+ 34. Bxh3 Qxh3+
0-1

[Event "2020 Standard Chess Dropout Tournament, Round 1"]
[Site "SchemingMind.com"]
[Date "2019.11.25"]
[Round "1"]
[White "Robert Bruce"]
[Black "The Knight Rider"]
[Result "0-1"]
[WhiteCountry "SCO"]
[BlackCountry "IND"]
[WhiteElo "2387"]
[WhiteRD "65"]
[BlackElo "2535"]
[BlackRD "151"]
[GameID "448326"]

1. c4 e5 2. g3 Nf6 3. Bg2 c6 4. d4 e4 5. Nc3 Bb4 6. Bg5 d5 7. cxd5 cxd5 8. Rc1 Nbd7 9. Nh3 h6 10. Bf4 O-O
11. Qb3 a5 12. a3 Bxc3+ 13. Rxc3 a4 14. Qc2 Qe7 15. Bc7 b6 16. e3 Nc5 17. O-O Qxc7 18. dxc5 bxc5 19. Rxc5 Qe7 20. Rc1 g5
21. Kh1 Be6 22. Ng1 Ng4 23. Bh3 Ne5 24. Rc7 Qf6 25. Bxe6 fxe6 26. f4 Nc4 27. Rxc4 dxc4 28. Qxe4 Qf5 29. Qg2 gxf4 30. exf4 Qd5
31. Ne2 Rab8 32. Rc2 Qd1+ 33. Ng1 Rfd8 34. g4 Rb6 35. g5 h5 36. Rf2 Qd5 37. f5 exf5 38. Qxd5+ Rxd5 39. Nf3 Rd1+ 40. Kg2 Rb1
41. Ne5 R6xb2 42. Nxc4 Rxf2+ 43. Kxf2 Rb3 44. Ke2 Rc3
0-1

[Event "2020 Standard Chess Dropout Tournament, Round 1"]
[Site "SchemingMind.com"]
[Date "2019.11.22"]
[Round "1"]
[White "Andrea Carra"]
[Black "Diadoco"]
[Result "1/2-1/2"]
[WhiteCountry "ITA"]
[BlackCountry "MEX"]
[WhiteElo "1899"]
[WhiteRD "97"]
[BlackElo "2006"]
[BlackRD "101"]
[GameID "448328"]

1. e4 c5 2. Nf3 d6 3. d4 cxd4 4. Nxd4 Nf6 5. Nc3 a6 6. Be2 e5 7. Nb3 Be7 8. O-O O-O 9. Be3 Be6 10. f3 Nbd7
11. Nd5 Nxd5 12. exd5 Bf5 13. Bd3 Bxd3 14. Qxd3 Rc8 15. f4 Bf6 16. Rf3 exf4 17. Bxf4 Ne5 18. Bxe5 Bxe5 19. c3 Qg5 20. Raf1 b5
21. Nd4 Bxd4+ 22. Qxd4 Qe5 23. Qd3 Rc5 24. Rf5 Qe7 25. Qd2 Rc4 26. R5f4 Rxf4 27. Qxf4 Re8 28. h3 Qe3+ 29. Qxe3 Rxe3 30. Rf3= Re2
31. Rf2 Re5= 32. Rd2 f5 33. Kf2 g5 34. b3 Kf7 35. a3 Ke7 36. c4 bxc4 37. bxc4 Kd7 38. a4 Re4 39. Rc2 a5 40. Rc3 h5
41. g3 Ke7 42. c5 dxc5 43. Rxc5 Rxa4 44. d6+ Kxd6 45. Rxf5 h4 46. Rxg5 hxg3+ 47. Kxg3 Rb4 48. Rxa5 Rc4 49. Ra1 Ke6 50. Rf1 Rb4
51. h4 Ra4 52. h5 Rb4 53. h6 Rb3+ 54. Kg4 Rb2 55. Kg3 Rb3+ 56. Kg4 Rb2 57. Kg3 Rb3+ 58. Rf3=
1/2-1/2

[Event "2020 Standard Chess Dropout Tournament, Round 1"]
[Site "SchemingMind.com"]
[Date "2019.11.25"]
[Round "1"]
[White "DANDYLIONHONEYBADGER"]
[Black "maro"]
[Result "0-1"]
[WhiteCountry "USA"]
[BlackCountry "MEX"]
[WhiteElo "1373"]
[WhiteRD "78"]
[BlackElo "1446"]
[BlackRD "70"]
[GameID "448329"]

1. g3 e5 2. Bg2 d5 3. e3 e4 4. Ne2 Nf6 5. h3 Bd6 6. c3 O-O 7. b4 c5 8. bxc5 Bxc5 9. Ba3 Bxa3 10. Nxa3 a6
11. c4 Qa5 12. Qc1 Nc6 13. Nc2 Nb4 14. Nxb4 Qxb4 15. Qc3 Qc5 16. Nd4 dxc4 17. O-O b5 18. a3 Bd7 19. f3 exf3 20. Bxf3 Rad8
21. g4 Nd5 22. Qc2 a5 23. Bxd5 Qxd5 24. Rad1 Bc8 25. a4 b4 26. d3 Bb7 27. Rf5 Qh1+ 28. Kf2 Qg2+ 29. Ke1 Qxh3 30. Ne6 Qxe3+
31. Qe2 Qg3+ 32. Rf2 fxe6 33. dxc4 Rxd1+ 34. Kxd1 Bf3 35. Rxf3 Rxf3 36. Qxe6+ Kf8 37. Qc8+ Kf7 38. Qd7+= Kf6 39. Qd8+= Ke5 40. Qd5+ Kf4
41. Qf5+ Ke3 42. Qe6+= Kf2 43. Qe2+ Kg1 44. c5 Rf1+ 45. Kd2 Rf2 46. c6 Qc3+
0-1

[Event "2020 Standard Chess Dropout Tournament, Round 1"]
[Site "SchemingMind.com"]
[Date "2019.11.23"]
[Round "1"]
[White "David Hartley"]
[Black "pnwmusichound"]
[Result "0-1"]
[WhiteCountry "ENG"]
[BlackCountry "USA"]
[WhiteElo "1721"]
[WhiteRD "79"]
[BlackElo "1815"]
[BlackRD "105"]
[GameID "448330"]

1. e4 e5 2. Nf3 Nf6 3. Nxe5 d6 4. Nf3 Nxe4 5. Nc3 Nf6 6. d4 Be7 7. Be2 O-O 8. h3 d5 9. O-O h6 10. Be3 c6
11. Bd3 Be6 12. Ne2 Nbd7 13. Qc1 Re8 14. Ng3 Bf8 15. c3 b6 16. Re1 c5 17. dxc5 bxc5 18. Be2 Rc8 19. Qd2 Nb6 20. b3 Rc7
21. Rad1 Qc8 22. Bd3 c4 23. bxc4 Nxc4 24. Bxc4 Rxc4 25. Ne2 Bxh3 26. gxh3 Qxh3 27. Nh2 Rh4 28. Bf4 Ng4 29. Bg3 Nxh2 30. Qxd5 Rd8
31. Qg2 Rxd1 32. Rxd1 Qxg2+ 33. Kxg2 Re4 34. Rd2 Ng4 35. Kf3 f5 36. Rd1 Ne5+ 37. Bxe5 Rxe5 38. Rc1 g5 39. Rc2 Kg7 40. Nd4 Bc5
41. Nb3 Bb6 42. c4 Bc7 43. c5 g4+ 44. Kg2 Kf6 45. Rd2 f4 46. Rd7 f3+ 47. Kf1 Re7 48. Rd2 h5 49. Rd4 g3 50. fxg3 Bxg3
51. Rd3 Re1#
0-1

[Event "2020 Standard Chess Dropout Tournament, Round 1"]
[Site "SchemingMind.com"]
[Date "2019.11.22"]
[Round "1"]
[White "Delf Groth"]
[Black "kenneth m day"]
[Result "1/2-1/2"]
[WhiteCountry "GER"]
[BlackCountry "USA"]
[WhiteElo "1944"]
[WhiteRD "107"]
[BlackElo "1745"]
[BlackRD "53"]
[GameID "448331"]

1. e4 e5 2. Bc4 Nc6 3. Nc3 Nf6 4. d3 Bc5 5. f4 d6 6. Nf3 Bg4 7. Na4 Bb6 8. Nxb6 axb6 9. O-O O-O 10. h3 Bxf3
11. Qxf3 Nd4 12. Qf2 b5 13. Bb3 Nxb3 14. cxb3 Re8 15. f5 d5 16. Bg5 Qd6 17. Bxf6 Qxf6 18. Qc5 dxe4 19. dxe4 c6 20. Rfd1 Rad8
21. Qc2=
1/2-1/2

[Event "2020 Standard Chess Dropout Tournament, Round 1"]
[Site "SchemingMind.com"]
[Date "2019.11.25"]
[Round "1"]
[White "Diadoco"]
[Black "Don71"]
[Result "0-1"]
[WhiteCountry "MEX"]
[BlackCountry "NIR"]
[WhiteElo "2006"]
[WhiteRD "101"]
[BlackElo "2335"]
[BlackRD "105"]
[GameID "448332"]

1. e4 e5 2. Nf3 Nc6 3. Bc4 Nf6 4. d3 Bc5 5. c3 O-O 6. O-O Bb6 7. Nbd2 d6 8. Bb3 Na5 9. Bc2 c5 10. Re1 Be6
11. Nf1 h6 12. Ng3 Nc6 13. h3 Rb8 14. Be3 d5 15. exd5 Nxd5 16. Qd2 f5 17. Bxh6 gxh6 18. Qxh6 Qf6 19. Qd2 Rbd8 20. Qe2 Nf4
21. Qd2 Bd5 22. Nxe5 Nxh3+ 23. gxh3 Nxe5 24. Rxe5 Qxe5 25. Qg5+ Qg7 26. Qxg7+ Kxg7 27. f4 Kf6 28. c4 Bc6 29. Re1 Rg8 30. Kf2 Rxg3
31. Kxg3 Rg8+ 32. Kh2 Rg2+
0-1

[Event "2020 Standard Chess Dropout Tournament, Round 1"]
[Site "SchemingMind.com"]
[Date "2019.11.25"]
[Round "1"]
[White "edg"]
[Black "Delf Groth"]
[Result "0-1"]
[WhiteCountry "USA"]
[BlackCountry "GER"]
[WhiteElo "1698"]
[WhiteRD "71"]
[BlackElo "1973"]
[BlackRD "105"]
[GameID "448335"]

1. b3 e5 2. Bb2 Nc6 3. e3 f5 4. Bb5 d6 5. Bxc6+ bxc6 6. d3 Nf6 7. Qf3 Bd7 8. Na3 g6 9. Nc4 Bg7 10. Qe2 O-O
11. f3 e4 12. g3 exf3 13. Qxf3 d5 14. Nd2 Ng4 15. Bxg7 Kxg7 16. O-O-O Qf6 17. Kb1 Rfe8 18. Re1 Qc3 19. Kc1 d4 20. Re2 Rxe3
21. Qg2 Rae8 22. Nc4 Qa1+ 23. Kd2 Rxe2+ 24. Nxe2 Qxa2 25. Nxd4 c5 26. Qd5 Nf6 27. Qxc5 c6 28. Nxc6 Re2+ 29. Kxe2 Qxc2+ 30. Kf3 Qxd3+
31. Kg2 Qe4+ 32. Kh3 Bxc6 33. Ne5 Qg2+ 34. Kh4 g5+
0-1

[Event "2020 Standard Chess Dropout Tournament, Round 1"]
[Site "SchemingMind.com"]
[Date "2019.11.21"]
[Round "1"]
[White "FransEvers"]
[Black "Mihir Chandrashekhar"]
[Result "1-0"]
[WhiteCountry "NED"]
[BlackCountry "IND"]
[WhiteElo "1931"]
[WhiteRD "103"]
[BlackElo "1801"]
[BlackRD "52"]
[GameID "448336"]

1. e4 e5 2. Nf3 f5 3. Nxe5 Qf6 4. d4 d6 5. Nc4 fxe4 6. Nc3 Bf5 7. Ne3 c6 8. Nxf5 Qxf5 9. Be3 d5 10. a3 Nf6
11. Be2 Kd7 12. h3 h5 13. Qd2 Bd6 14. O-O-O Kc7 15. Kb1 Nbd7 16. g3 Rae8 17. Rde1 Ref8 18. Na4 Nb6 19. Nc5 Bxc5 20. dxc5 Nbd7
21. f3 exf3 22. Bf4+ Kc8 23. Bd3
1-0

[Event "2020 Standard Chess Dropout Tournament, Round 1"]
[Site "SchemingMind.com"]
[Date "2019.11.21"]
[Round "1"]
[White "Aleksandr Frenkel"]
[Black "Clive Everill"]
[Result "1-0"]
[WhiteCountry "USA"]
[BlackCountry "CZE"]
[WhiteElo "2243"]
[WhiteRD "75"]
[BlackElo "1783"]
[BlackRD "59"]
[GameID "448337"]

1. e4 d5 2. exd5 Qxd5 3. Nc3 Qa5 4. d4 Nf6 5. Bc4 c6 6. Nf3 Bf5 7. Bd2 e6 8. Nd5 Qd8 9. Nxf6+ gxf6 10. O-O Bd6
11. Re1 Nd7 12. Nh4 Bg6 13. Bxe6 Be7 14. Bb3 a5 15. Qg4 h5 16. Qg3 a4 17. Nxg6
1-0

[Event "2020 Standard Chess Dropout Tournament, Round 1"]
[Site "SchemingMind.com"]
[Date "2019.11.25"]
[Round "1"]
[White "Glenn O'Brien"]
[Black "Mike Winslow"]
[Result "0-1"]
[WhiteCountry "AUS"]
[BlackCountry "USA"]
[WhiteElo "1938"]
[WhiteRD "83"]
[BlackElo "1914"]
[BlackRD "100"]
[GameID "448339"]

1. e4 g6 2. d4 Bg7 3. Nf3 d6 4. Nc3 Nf6 5. Be2 O-O 6. O-O c6 7. h3 Nbd7 8. Be3 e5 9. dxe5 dxe5 10. Qd6 Re8
11. Bc4 Qe7 12. Qxe7 Rxe7 13. a4 Nb6 14. Bd3 h6 15. Rfd1 Nh5 16. a5 Nd7 17. Bc4 Nf4 18. Bxf4 exf4 19. Nd4 Nc5 20. f3 Be6
21. Na4 Nxa4 22. Rxa4 Rd8 23. Bxe6 fxe6 24. Rd3 Bxd4+ 25. Raxd4 Rxd4 26. Rxd4 Kf7 27. e5 g5 28. Kf2 Kg6 29. g4 fxg3+ 30. Kxg3 Kf5
31. Re4 Rd7 32. c4 c5 33. Re3 Rd4 34. Rb3 b6 35. axb6 axb6 36. Rxb6 Rxc4 37. Rb5 h5 38. b3 Rc3 39. b4 cxb4 40. Rxb4 Re3
41. Kf2 Rxe5 42. h4 gxh4 43. Rxh4 Kg6 44. f4 Rb5 45. Rh1 Rb3 46. Rg1+ Kf5 47. Re1 Rb5 48. Kg3 Rb3+ 49. Kh4 Rb2 50. Kg3 Rb3+
51. Kh4 Rb6 52. Kxh5 Kxf4 53. Rf1+ Ke5 54. Kg6 Rb5 55. Rd1 Rd5 56. Rh1 Kd6 57. Rb1 Rd2 58. Rb6+ Kd5 59. Rb5+ Kc6 60. Ra5 Kd6
61. Ra6+ Ke5 62. Kf7 Rd6 63. Ra7 Kf5 64. Ke7 Rd3 65. Ra6 e5 66. Rf6+ Ke4 67. Ra6 Ke3 68. Ke6 e4 69. Ke5 Rb3 70. Ra5 Kf3
71. Kd4 e3 72. Rf5+ Ke2 73. Ra5 Rb4+ 74. Kc3 Rb7 75. Re5 Rd7 76. Re8 Kf2 77. Kc2 e2 78. Rf8+ Ke1 79. Rf6 Rc7+ 80. Kb2 Rc5
81. Kb3 Kd2 82. Rd6+ Ke3 83. Re6+ Kd3 84. Rd6+ Ke4 85. Re6+ Re5
0-1

[Event "2020 Standard Chess Dropout Tournament, Round 1"]
[Site "SchemingMind.com"]
[Date "2019.11.23"]
[Round "1"]
[White "Haratta"]
[Black "im_cincinnati_kid37"]
[Result "0-1"]
[WhiteCountry "SWE"]
[BlackCountry "USA"]
[WhiteElo "1191"]
[WhiteRD "150"]
[BlackElo "1215"]
[BlackRD "84"]
[GameID "448340"]

1. e4 e5 2. Nf3 Nc6 3. Bb5 d6 4. d4 f6 5. d5 Bd7 6. dxc6 bxc6 7. Bd3 h6 8. O-O Bg4 9. Be2 f5 10. h3 Bh5
11. exf5 Qf6 12. g4 Bf7 13. Nc3 Qe7 14. Be3 d5
0-1

[Event "2020 Standard Chess Dropout Tournament, Round 1"]
[Site "SchemingMind.com"]
[Date "2019.11.21"]
[Round "1"]
[White "Holty"]
[Black "Aba"]
[Result "0-1"]
[WhiteCountry "ENG"]
[BlackCountry "ISR"]
[WhiteElo "1691"]
[WhiteRD "65"]
[BlackElo "1734"]
[BlackRD "69"]
[GameID "448342"]

1. d4 d5 2. Nf3 Nf6 3. e3 c6 4. Bd3 Bg4 5. c4 e6 6. Nbd2 Nbd7 7. Qc2 a5 8. O-O a4 9. a3 Bd6 10. Re1 Qc7
11. c5 Be7 12. b4 b6 13. Bb2 b5 14. e4 h6 15. e5 Nh5 16. h3 Bxf3 17. Nxf3 Nf4 18. Bc1 Nxd3 19. Qxd3 O-O-O 20. Bf4 g5
21. Bh2 Rdg8 22. g4 Qd8 23. Kf1 h5 24. Ke2 hxg4 25. hxg4 Rh3 26. Rh1 Rgh8 27. Rag1 Nf8 28. Qb1 Ng6 29. Bg3 R8h6 30. Rxh3 Rxh3
31. Qc1 f6 32. Rh1 Qh8 33. Rh2 Qh6 34. Qf1 Rxh2 35. Nxh2 f5 36. f4 gxf4 37. gxf5 fxg3 38. Ng4 Qh5 39. fxg6 Qxg4+ 40. Qf3 Qxg6
41. Kf1 g2+ 42. Qxg2 Qxg2+ 43. Kxg2 Bg5
0-1

[Event "2020 Standard Chess Dropout Tournament, Round 1"]
[Site "SchemingMind.com"]
[Date "2019.11.25"]
[Round "1"]
[White "im_cincinnati_kid37"]
[Black "DANDYLIONHONEYBADGER"]
[Result "1-0"]
[WhiteCountry "USA"]
[BlackCountry "USA"]
[WhiteElo "1197"]
[WhiteRD "72"]
[BlackElo "1373"]
[BlackRD "78"]
[GameID "448343"]

1. e4 e5 2. Nf3 Nc6 3. Bb5 a6 4. Bd3 h6 5. c3 Bd6 6. Bc4 Qe7 7. O-O Na5 8. b4 Nxc4 9. d3 Nb6 10. Ba3 Nf6
11. Qc2 c6 12. Nbd2 a5 13. Rab1 a4 14. c4 c5 15. b5 Nh5 16. Rb2 Nf4 17. Re1 Qf6 18. Kf1 Qg6 19. g3 Nh3 20. Ke2 Ng5
21. Nxg5 hxg5 22. Kd1 f5 23. exf5 Qxf5 24. Rf1 Rxh2 25. Ne4 Be7 26. Qe2 g4 27. Ke1 d6 28. Rc2 d5 29. cxd5 Nxd5 30. Bxc5 Bxc5
31. Nxc5 Nb4 32. Rc4 b6 33. Ne4 Qg6 34. Rxb4 Qh6 35. Rb1 Rh1 36. Rxh1 Qxh1+ 37. Qf1 Qxf1+ 38. Kxf1 Ke7 39. a3 Bf5 40. Re1 Rc8
41. Kg1 Bxe4 42. Rxe4 Kf6 43. Rxg4 g5 44. Rxa4 Rc1+ 45. Kg2 Rb1 46. Ra6 Rxb5 47. Ra8 Rb3 48. Ra6 Kf5 49. a4 b5 50. axb5 Rxb5
51. Rd6 Rb4 52. Rd7 Ke6 53. Rd8 Rb3 54. Kh3 Ke7 55. Rd5 Ke6 56. Rd8 Rb5 57. Kg4 Ke7 58. Rg8 Kf6 59. Rf8+ Kg7 60. Rc8 Rd5
61. Kxg5 e4+ 62. Kf4 exd3 63. Ke4 Rd7 64. Rc1 d2 65. Rd1 Re7+ 66. Kd3 Re1 67. Kxd2
1-0

[Event "2020 Standard Chess Dropout Tournament, Round 1"]
[Site "SchemingMind.com"]
[Date "2019.11.25"]
[Round "1"]
[White "John Hamer"]
[Black "thefriediceman"]
[Result "1/2-1/2"]
[WhiteCountry "ENG"]
[BlackCountry "USA"]
[WhiteElo "1990"]
[WhiteRD "74"]
[BlackElo "2066"]
[BlackRD "128"]
[GameID "448344"]

1. b3 e5 2. Bb2 Nc6 3. c4 d6 4. e3 g6 5. Nc3 Bg7 6. g3 Be6 7. Bg2 Qd7 8. Nf3 Bh3 9. O-O Bxg2 10. Kxg2 f5
11. d4 e4 12. Ne1 Nf6 13. d5 Ne7 14. Qd2 Nh5 15. Rd1 O-O 16. f4 exf3+ 17. Nxf3 Bf6 18. Nd4 Ng7 19. e4 Rae8 20. Kh1 a6
21. Rde1 Qc8 22. Rf2 Be5 23. exf5 Nexf5 24. Nf3 Bf6 25. g4 Nh4 26. Rg1 Nxf3 27. Rxf3 Be5 28. Rxf8+ Rxf8 29. Ne4 Rf4 30. Nf2 Qf8
31. Nd3 Re4 32. Nxe5 dxe5 33. Qg2=
1/2-1/2